|
|
|
|
| LEADER |
00985nam a2200217 i 4500 |
| 001 |
misc57902 |
| 005 |
20210526193549.0 |
| 008 |
210526s1921 hu o 0|| hun d |
| 040 |
|
|
|a SZTE Miscellanea Repozitórium
|b hun
|
| 041 |
|
|
|a hun
|
| 245 |
0 |
0 |
|a Emlékkönyv a szegedi kegyesrendi Főgimnázium kétszáz éves jubileuma alkalmából
|h [elektronikus dokumentum] :
|b 1720-1920
|
| 260 |
|
|
|a Dugonics Társaság
|b Szeged, Magyarország
|c 1921
|
| 300 |
|
|
|a 107 p.
|c 25 cm
|
| 650 |
|
4 |
|a Bölcsészettudományok
|
| 650 |
|
4 |
|a Történettudomány és régészet
|
| 650 |
|
4 |
|a Történettudomány
|
| 650 |
|
4 |
|a Kora újkori történelem
|
| 650 |
|
4 |
|a Újkori és jelenkori történelem
|
| 695 |
|
|
|a Irodalmi társaság - magyar - Szeged - évkönyv, Iskolatörténet - Szeged - tanulmányok, Piarista rend - Szeged - története, Egyházi iskola - katolikus - Magyarország - regionális
|
| 700 |
0 |
1 |
|a Móra Ferenc
|
| 856 |
4 |
0 |
|u http://misc.bibl.u-szeged.hu/57902/1/xb_142843.pdf
|z Dokumentum-elérés
|